[Event "1st Gujarat GM Open 2018"]
[Site "Ahmedabad"]
[Date "2018.10.11"]
[Round "9"]
[White "Kravtsiv, Martyn"]
[Black "Harsha Bharathakoti"]
[Result "1-0"]
[WhiteElo "2654"]
[BlackElo "2492"]
[Annotator "TA"]
[PlyCount "89"]
[EventDate "2018.10.05"]
[EventType "swiss"]
[EventCountry "IND"]
[SourceTitle "playchess.com"]
[Source "ChessBase"]
[SourceQuality "1"]

{[%evp 9,89,41,40,50,51,29,28,14,17,27,20,16,21,0,8,-11,-15,-10,8,8,8,10,10,14,12,11,11,11,19,22,41,39,31,30,33,33,39,37,45,42,36,41,63,50,57,64,61,58,120,104,115,106,106,111,108,110,108,58,176,175,264,285,258,274,313,263,415,433,549,544,546,541,563,540,662,668,1099,1001,29983,29984,29992,29993]} 1. e4 d6 2. d4 Nf6 3. Nc3 g6 4. Bf4 c6 5. Qd2 Nbd7 (5... Bg7 6. Bh6 Bxh6 7. Qxh6 Qa5 8. Bd3 c5 9. d5 Nbd7 10. Nf3 b5 11. Bxb5 Rb8 12. Bxd7+ Bxd7 13. O-O Rxb2 14. e5 Qxc3 15. exf6 Qxf6 16. Rab1 Rb6 {1-0 (25) Vachier Lagrave,M (2779)-Dominguez Perez,L (2739) chess.com INT 2018}) 6. Nf3 {B07: Pirc Defence: Miscellaneous Systems} Qa5 7. e5 (7. Bd3 {with more complications.} e5 8. dxe5 dxe5 9. Be3 h6 10. h3) 7... dxe5 8. dxe5 {White has an edge.} Nd5 $146 ({Predecessor:} 8... Ng4 9. Ne4 Qxd2+ 10. Nexd2 Bg7 11. Nc4 b5 12. h3 Nxf2 13. Kxf2 bxc4 14. Bxc4 {½-½ (46) Hamdouchi,H (2520)-Marin,M (2548) Sitges 1999}) 9. Nxd5 Qxd2+ 10. Bxd2 cxd5 11. O-O-O e6 $1 12. c4 dxc4 13. Bxc4 Nb6 14. Bb5+ Bd7 15. Bxd7+ Nxd7 16. Kb1 Nb6 17. Ng5 Be7 18. Ne4 Nd5 19. Bh6 Rg8 20. h4 Rc8 21. g3 Rc6 22. Rd3 b5 23. Rf3 Rc4 24. Re1 b4 25. Bg5 Rc6 26. Rc1 Rxc1+ 27. Kxc1 h5 28. Kc2 Rf8 (28... a5 $14) 29. Kb3 $16 Kd7 30. Bh6 $36 {[%mdl 2048] White is in control.} Rh8 31. Bd2 Rf8 32. Bg5 Bxg5 33. hxg5 {[%mdl 4096] Endgame KRN-KRN} Ke7 ({Black should play} 33... Kc6 $1 $14) 34. Nd6 Nb6 (34... a6 {was necessary.} 35. Ka4 Nb6+ 36. Kxb4 Nd7) 35. Kxb4 $18 Nd7 36. Nc4 Rb8+ 37. Ka5 Nc5 (37... Rb7 $142 38. Rc3 Nb8) 38. b4 {[%cal Bb2b4,Bb4b5,Bb5b6][%mdl 32]} Ne4 {[#]} 39. Nd6 $1 {[%mdl 512]} Nxg5 (39... Nxd6 40. exd6+) 40. Rc3 Kd7 41. f4 Nh3 42. b5 g5 43. Ka6 g4 44. Kxa7 Rh8 45. b6 {Precision: White = 84%, Black = 46%.} 1-0

[Event "1st Gujarat GM Open 2018"]
[Site "Ahmedabad"]
[Date "2018.10.11"]
[Round "9"]
[White "Predke, Alexandr"]
[Black "Stany, G.A."]
[Result "1-0"]
[WhiteElo "2615"]
[BlackElo "2502"]
[Annotator "TA"]
[PlyCount "79"]
[EventDate "2018.10.05"]
[EventType "swiss"]
[EventCountry "IND"]
[SourceTitle "playchess.com"]
[Source "ChessBase"]
[SourceQuality "1"]

{[%evp 16,79,27,14,52,52,43,50,62,62,68,60,58,53,72,59,59,55,79,81,91,92,84,90,90,89,303,316,312,300,812,813,790,754,772,235,228,89,89,97,97,89,157,150,167,166,714,707,1032,1032,1022,1032,1032,1037,1022,1025,1027,1027,1026,-89,1026,1014,986,976,868,675]} 1. d4 Nf6 2. c4 g6 3. Nc3 d5 4. cxd5 Nxd5 5. e4 Nxc3 6. bxc3 Bg7 7. Nf3 c5 8. Be3 O-O 9. Be2 Qc7 {D85: Exchange Grünfeld: Unusual White 7th moves and lines with 7 Nf3} (9... b6 10. Rc1 e6 11. Qa4 Bb7 12. e5 Nc6 13. O-O cxd4 14. cxd4 Ne7 15. Nd2 Nd5 16. Nc4 Nxe3 17. fxe3 {½-½ (53) Korobov,A (2678)-Artemiev,V (2704) Poikovsky 2018}) 10. O-O b6 11. Qd2 Nd7 {White is slightly better.} 12. d5 $146 ({Predecessor:} 12. Bh6 Bb7 13. Bxg7 Kxg7 14. Qe3 Nf6 15. d5 e6 16. d6 Qc6 17. e5 {½-½ (58) Najdorf,M (2515)-Franco Ocampos,Z (2360) Mar del Plata (Estadio José M 1979}) 12... Ne5 13. Nxe5 Qxe5 14. Rac1 Bb7 15. Bd3 Qd6 16. Bc4 f5 17. Bf4 Be5 18. Bxe5 Qxe5 19. exf5 Qxf5 20. Rce1 Rad8 $2 (20... b5 $16 {is a better defense.}) 21. d6+ $1 $18 (21. Rxe7 Bxd5 22. Qe2 a5 $11) 21... Kh8 22. Rxe7 Qg4 $2 (22... Qf4 23. Qxf4 Rxf4) 23. Rxb7 {White threatens Qh6 and mate.} Qxc4 24. Re1 Rf7 25. Rxf7 $2 (25. Rbe7) 25... Qxf7 {[%mdl 4096] Endgame KQR-KQR} 26. Re7 (26. h4 $18 {has better winning chances.} Qf6 27. d7) 26... Qf6 $16 27. h3 {Black must now prevent Qh6.} ({Wrong is} 27. Qh6 $2 Qxe7 $1 {[%mdl 512]} 28. h3 Qe1+ 29. Kh2 Qxf2 $19) 27... Rxd6 28. Qe3 $1 a5 (28... Rd1+ $142 29. Kh2 Rd8) 29. Rb7 {Intending Qe8+ and mate.} Qf8 30. Qe4 $40 {[%mdl 128] Black is in trouble.} Rf6 $2 {[#]} (30... Rd8 31. Qe5+ (31. Rxb6 Re8 $16) 31... Kg8) 31. Re7 $1 $18 Qh6 32. Re8+ Rf8 33. Qe5+ Kg8 34. Qe6+ Kh8 35. Qf6+ Kg8 36. Rxf8+ ({Weaker is} 36. Qe6+ Kg7 $16) 36... Qxf8 37. Qxf8+ Kxf8 {[#]} 38. c4 $1 {White is clearly winning.} Ke7 39. f4 Ke6 40. g4 {Precision: White = 85%, Black = 32%.} 1-0

[Event "1st Gujarat GM Open 2018"]
[Site "Ahmedabad"]
[Date "2018.10.11"]
[Round "9"]
[White "Popov, Ivan"]
[Black "Raahul V S"]
[Result "1-0"]
[WhiteElo "2611"]
[BlackElo "2294"]
[Annotator "TA"]
[PlyCount "79"]
[EventDate "2018.10.05"]
[EventType "swiss"]
[EventCountry "IND"]
[SourceTitle "playchess.com"]
[Source "ChessBase"]
[SourceQuality "1"]

{[%evp 13,79,31,34,29,69,72,69,46,71,58,72,61,86,96,93,87,90,93,92,94,195,195,202,147,157,146,197,168,169,98,85,85,95,96,100,87,169,91,86,77,136,87,138,140,253,272,407,397,372,192,435,346,708,683,862,851,1219,1203,1106,772,803,803,795,790,768,784,685,632]} 1. e4 e5 2. Nf3 Nc6 3. Bb5 g6 4. c3 a6 5. Bxc6 (5. Ba4 Bg7 6. d4 exd4 7. cxd4 b5 8. Bc2 d6 9. d5 Na5 10. O-O Nc4 11. Nc3 Ne7 12. Bd3 Nb6 13. a4 {0-1 (48) Caruana,F (2816)-Mamedyarov,S (2808) Leuven 2018}) 5... dxc6 6. d4 {C60: Ruy Lopez: Unusual Black 3rd moves and 3...g6} exd4 7. cxd4 Bg7 {LiveBook: 3 Games} 8. Nc3 {White is slightly better.} Nf6 9. h3 O-O 10. O-O h6 11. Bf4 Be6 $146 ({Predecessor:} 11... Re8 12. Re1 {1-0 (30) Stock,J (2203)-Hundack,R (2085) Germany 2018}) 12. Qd2 Kh7 13. Rad1 Qd7 14. Be5 Rad8 15. Rfe1 Qe7 16. Qc1 c5 (16... Rfe8 $16) 17. d5 $18 Bc8 18. Bh2 b6 19. e5 Ne8 (19... Ng8 $16 {was worth a try.} 20. Bg3 Bf5) 20. Ne4 Bb7 21. d6 (21. Qc4 $1 $18) 21... cxd6 $16 22. exd6 Qd7 23. Qf4 Bxe4 24. Qxe4 Bxb2 {[#]} (24... Nf6 $16 25. Qe2 Qb5) 25. Rb1 (25. Qb1 $1 $18 {[%cal Rb1b2]} Bc3 26. Re3) 25... Bc3 26. Re3 $36 {[%mdl 3072] White has strong compensation. White has strong initiative.} Ba5 (26... Bb4 $142) 27. Qh4 {Strongly threatening Bf4.} Qf5 ({Black should try} 27... Nxd6 28. Ng5+ Kg7 29. Be5+ f6 30. Bxd6 fxg5 31. Bxf8+ Rxf8) 28. Rd1 Qf6 {[#]} (28... Ng7 $16) 29. Qa4 $1 $18 Ng7 (29... Bc3 $142 30. d7 (30. Qxa6 Ng7 $16) 30... b5) 30. Be5 Qf5 31. g4 (31. d7 $142 f6 32. g4) 31... Qc8 $2 (31... Qd7 {keeps fighting.} 32. Qxd7 Rxd7) 32. d7 Qa8 $2 (32... Qb7 33. Bf6 b5 34. Qxa5 Rxd7 35. Rxd7 Qxd7 36. Bxg7 Kxg7 37. Qc3+ Kg8 38. Qxc5 Re8) 33. Bf6 {White is clearly winning.} Rb8 34. Be7 Rg8 35. Qf4 b5 36. Qxf7 {And now Re6 would win.} Rgf8 37. Bxf8 Rxf8 38. Qd5 Qxd5 39. Rxd5 c4 40. Nd4 {Precision: White = 63%, Black = 33%.} 1-0

[Event "1st Gujarat GM Open 2018"]
[Site "Ahmedabad"]
[Date "2018.10.11"]
[Round "9"]
[White "Tukhaev, Adam"]
[Black "Siva Mahadevan"]
[Result "0-1"]
[WhiteElo "2556"]
[BlackElo "2341"]
[Annotator "TA"]
[PlyCount "90"]
[EventDate "2018.10.05"]
[EventType "swiss"]
[EventCountry "IND"]
[SourceTitle "playchess.com"]
[Source "ChessBase"]
[SourceQuality "1"]

{[%evp 20,90,11,5,8,3,20,0,3,0,9,10,14,13,33,14,0,0,0,-5,-15,-15,-16,-14,0,-9,4,-32,-27,-57,-50,-99,-107,-89,-57,-142,-130,-228,-225,-250,-123,-206,-131,-350,-361,-316,-275,-255,-257,-271,-264,-267,-260,-262,-257,-224,-189,-207,-179,-340,-340,-547,-548,-540,-533,-506,-513,-547,-462,-447,-460,-454,-443]} 1. e4 c5 2. Nf3 d6 3. Bb5+ Nd7 4. d4 cxd4 5. Qxd4 e5 6. Qd3 a6 {B51: Sicilian: Moscow Variation (3 Bb5+) without 3...Bd7} 7. Bxd7+ Bxd7 8. c4 b5 9. Nc3 bxc4 10. Qxc4 Be6 11. Qd3 {LiveBook: 17 Games} (11. Qc6+ Bd7 {½-½ (13) Jones,G (2651)-Wojtaszek,R (2738) Batumi 2018}) 11... h6 12. O-O Nf6 13. Rd1 Be7 14. Ne1 O-O 15. Nc2 $146 Qb6 16. Ne3 Rac8 17. Rb1 Qb7 18. Bd2 Bd8 19. Ncd5 Nxd5 20. exd5 Bd7 21. Nc4 Be7 22. Na5 Qb6 23. b4 f5 {[%cal Bf7f5,Bf5f4][%mdl 32]} 24. Rdc1 {Black should prevent Nc6!} f4 {And now ...Bf5 would win.} 25. Ra1 Bh4 26. Be1 Bf5 27. Qb3 ({Better is} 27. Qe2 $15) 27... e4 $1 $40 {[%cal Re4e3][%mdl 128] Strongly threatening ...e3. White is in trouble.} 28. Nc6 {[#]} (28. Rc6 $17 Qb5 29. a4) 28... Rce8 $1 $19 29. Qc4 e3 (29... f3 $19 {is more deadly.} 30. gxf3 Bh3) 30. Qd4 (30. f3 $17 e2+ 31. Qd4 Qxd4+ 32. Nxd4) 30... Qb7 {Threatens to win with ...Bg6.} 31. Qa7 $2 (31. f3 $17 {was the only defense.} Bf6 32. Qxf4) 31... Qxa7 32. Nxa7 exf2+ 33. Bxf2 Bf6 34. a4 Bxa1 35. Rxa1 Be4 36. b5 axb5 ({But not} 36... Bxd5 37. bxa6 f3 38. Nb5 $19) 37. Nxb5 Bxd5 38. Nc7 Re5 {Hoping for ...Bc6.} 39. a5 $2 (39. Nxd5 Rxd5 40. a5) 39... Bc6 40. a6 $2 (40. Rc1 Be4 41. a6) 40... Rc8 {Black is clearly winning.} 41. Bb6 Re2 42. Rc1 Be4 43. Rc4 Bd3 {( -> ...Re1+)} 44. Rxf4 {[#]} Bxa6 $1 {[%mdl 512]} 45. Nxa6 {[#]} Rc6 $1 {Precision: White = 36%, Black = 68%.} 0-1

[Event "1st Gujarat GM Open 2018"]
[Site "Ahmedabad"]
[Date "2018.10.11"]
[Round "9"]
[White "Bernadskiy, Vitaliy"]
[Black "Neverov, Valeriy"]
[Result "1-0"]
[WhiteElo "2547"]
[BlackElo "2488"]
[Annotator "TA"]
[PlyCount "83"]
[EventDate "2018.10.05"]
[EventType "swiss"]
[EventCountry "IND"]
[SourceTitle "playchess.com"]
[Source "ChessBase"]
[SourceQuality "1"]

{[%evp 12,83,18,0,0,0,24,17,12,-8,0,-8,32,20,8,0,0,1,4,0,29,20,23,13,12,27,26,47,58,12,22,27,17,23,25,30,27,23,41,47,99,92,96,95,93,81,119,100,135,121,256,177,328,316,403,385,556,413,758,767,1281,1220,1317,1259,2198,957,29979,29981,29964,5218,29982,29983,29983,29984]} 1. e4 e5 2. Nf3 Nc6 3. Bb5 Bc5 4. c3 Nf6 5. d3 d6 6. O-O O-O 7. Bg5 h6 {C65: Ruy Lopez: Berlin Defence (3...Nf6), unusual lines and 4 0-0 Bc5} 8. Bh4 Bb6 (8... g5 9. Bg3 Bb6 10. Nbd2 g4 11. Nh4 Nh5 12. Nc4 Qg5 13. Qc1 Ne7 14. Nxb6 axb6 15. f3 {1-0 (54) Ivanchuk,V (2726)-Le,Q (2737) Huaian 2017}) 9. a4 $146 {[#] Black must now prevent Bxc6.} ({Predecessor:} 9. Nbd2 Kh8 10. Nc4 g5 11. Bg3 Ne7 12. d4 Nxe4 13. dxe5 d5 14. Nxb6 axb6 15. Nd2 Nxg3 16. fxg3 {1-0 (27) Mchedlishvili,M (2626)-Michalik,P (2529) Plovdiv 2012}) 9... a6 {The position is equal.} 10. Bc4 (10. Bxc6 $5 bxc6 11. Nbd2 $11) 10... g5 11. Bg3 Bg4 12. Nbd2 {[%cal Bb1d2,Bd2c4,Bc4e3][%mdl 32]} Nh5 13. Re1 Nxg3 14. hxg3 Kg7 15. Bd5 Rb8 16. Nc4 Ba7 17. Bxc6 bxc6 18. d4 exd4 19. cxd4 f5 {[#] And now ...fxe4 would win.} 20. Ne3 fxe4 21. Nxg4 exf3 22. Qd3 Qd7 $1 ({Not} 22... h5 $2 23. Re6 $18) 23. gxf3 h5 (23... Rxb2 24. Qc3 $16) 24. Qd2 Rf5 25. Nh2 Re8 (25... Qf7 $14) 26. Rxe8 Qxe8 27. Re1 $36 {[%mdl 2048] Black is under strong pressure.} Qf7 28. Re4 d5 29. Re3 Qf6 30. Rd3 Kg6 (30... c5 $16) 31. b4 {[%cal Bb2b4,Bb4a5][%mdl 32]} a5 $2 (31... Kg7 {might work better.} 32. g4 hxg4) 32. bxa5 $18 c5 33. dxc5 c6 (33... d4 $142 34. Rxd4 Bxc5) 34. Qc2 Kh6 (34... Re5 $142 35. Rxd5+ Kg7) 35. g4 Re5 36. gxh5 {Strongly threatening Ng4+.} Re1+ 37. Kg2 {Threatens to win with Ng4+.} Qf5 38. Ng4+ Kxh5 39. Qc3 Re7 40. Re3 (40. Rd1 $142 Rh7 41. Ne5 Kh6 42. Nxc6 Kg6 43. Rh1 g4 44. Rxh7 Kxh7 45. Nxa7) 40... d4 41. Qxd4 Bxc5 42. Qh8+ {Precision: White = 62%, Black = 28%.} 1-0

[Event "1st Gujarat GM Open 2018"]
[Site "Ahmedabad"]
[Date "2018.10.11"]
[Round "9"]
[White "Lalith Babu M R"]
[Black "Amonatov, Farrukh"]
[Result "1/2-1/2"]
[WhiteElo "2518"]
[BlackElo "2615"]
[Annotator "TA"]
[PlyCount "132"]
[EventDate "2018.10.05"]
[EventType "swiss"]
[EventCountry "IND"]
[SourceTitle "playchess.com"]
[Source "ChessBase"]
[SourceQuality "1"]

{[%evp 21,132,44,82,20,64,61,74,62,129,107,139,41,41,41,24,25,32,16,36,0,0,0,0,0,0,0,0,0,0,0,0,0,0,0,0,0,0,0,0,0,26,22,27,4,97,92,85,98,116,102,111,68,188,157,190,80,80,-340,80,80,80,80,80,80,80,80,80,80,80,80,80,80,80,80,80,80,80,80,80,80,80,77,75,0,0,0,0,0,0,0,0,0,301,0,0,0,0,0,0,0,0,0,0,0,0,0,0,0,0,0,0,0,0]} 1. d4 Nf6 2. c4 g6 3. Nc3 Bg7 4. e4 d6 5. Nf3 O-O 6. h3 e5 7. d5 a5 8. g4 Na6 9. Be3 c6 {E90: Königsindisch (Klassisches System)} (9... Nc5 10. Nd2 c6 11. Be2 a4 12. h4 Qa5 13. f3 a3 14. Qc2 axb2 15. Qxb2 h5 16. g5 Nfd7 17. O-O f6 18. Kg2 Qd8 19. Nb3 fxg5 20. hxg5 {½-½ (67) Nepomniachtchi,I (2757)-Grischuk,A (2766) chess.com INT 2018}) 10. Nd2 Bd7 11. Be2 Rc8 {LiveBook: 3 Partien. Weiß steht etwas besser.} 12. g5 $146 (12. h4 $16) ({Vorgänger:} 12. a3 cxd5 13. cxd5 Nc5 14. a4 Ne8 15. h4 f5 16. gxf5 gxf5 17. h5 {0-1 (31) Simantsev,M (2500)-Alikulov,E (2355) Cheliabinsk 2016}) 12... Nh5 13. Bxh5 gxh5 14. a3 Nc7 (14... Be8 $14) 15. Qxh5 $16 b5 16. cxb5 (16. dxc6 $16 Bxc6 17. Rg1) 16... Nxb5 $14 17. dxc6 Bxc6 18. Nd5 Bxd5 19. exd5 Nc7 20. Bb6 f5 21. gxf6 Qxf6 22. Ne4 Qf4 (22... Qf3 $2 23. Qxf3 Rxf3 24. Nxd6 $18) 23. Qg4 $1 ({Nicht} 23. Ng5 $2 h6 $19) 23... Nxd5 24. Qe6+ Kh8 25. Qxd5 {Und weiter mit Sc3 wäre nett.} Rc1+ 26. Rxc1 Qxc1+ 27. Qd1 Qc6 28. Qd3 $1 (28. Qg4 $2 Rf4 $19) 28... Qc1+ 29. Qd1 Qc6 30. Qd3 $1 ({Aber nicht} 30. Qg4 $2 Rf4 $19) 30... d5 31. Be3 dxe4 32. Qc3 $36 {[%mdl 2048] Weiss hat gut koordiniertes Spiel.} Qg6 (32... Qxc3+ $11 {bleibt in der Remisbreite.} 33. bxc3 Rb8) 33. Qxa5 $16 Qg2 34. Rf1 Qxh3 35. Qd5 Qg4 36. a4 h6 (36... Rc8 $14) 37. Rh1 $1 $18 Rc8 38. Bxh6 (38. Kd2 $18 {und Weiss behält klar die Oberhand.}) 38... Bxh6 $16 39. Rxh6+ $18 {[%mdl 4096] Endspiel KDT-KDT} Kg7 40. Rc6 Qg1+ 41. Ke2 {Droht Matt per Dd7+.} Qg4+ 42. Kd2 e3+ 43. fxe3 Qb4+ 44. Kc1 $1 Qe1+ 45. Kc2 $1 {Beabsichtigt Dd7+ und Matt.} Qe2+ {[#]} 46. Kb1 $1 {jetzt Dd7+ und aus.} Rxc6 47. Qd7+ Kf8 {( -> ...Dc2+)} 48. Qxc6 {Schwarz muss nun e4 beachten.} Qxe3 $16 {KD-KD} 49. Ka2 e4 50. a5 {[%cal Ba4a5,Ba5a6,Ba6a7][%mdl 32]} Qd4 51. a6 e3 {[#]} 52. Qb5 (52. Ka3 $1 $16) 52... Ke7 $11 53. Ka3 Qd6+ 54. b4 Qd4 55. Qb7+ Kd6 56. a7 Qa1+ 57. Kb3 e2 {Die Stellung ist ausgeglichen.} 58. Qb8+ Kd7 59. Qb5+ Kc7 60. Qxe2 {zielt auf Dh2+ ab.} Qxa7 61. Qe5+ Kb6 62. Qd6+ Kb5 63. Qd5+ Kb6 64. Qd6+ Kb5 65. Qd5+ Kb6 66. Qd6+ Kb5 {Precision: Weiß = 70%, Schwarz = 67%.} 1/2-1/2

[Event "1st Gujarat GM Open 2018"]
[Site "Ahmedabad"]
[Date "2018.10.11"]
[Round "9"]
[White "Babujian, Levon"]
[Black "Karthik Venkataraman"]
[Result "1/2-1/2"]
[WhiteElo "2456"]
[BlackElo "2525"]
[Annotator "TA"]
[PlyCount "83"]
[EventDate "2018.10.05"]
[EventType "swiss"]
[EventCountry "IND"]
[SourceTitle "playchess.com"]
[Source "ChessBase"]
[SourceQuality "1"]

{[%evp 16,83,60,21,9,16,20,15,95,95,106,129,109,77,103,70,122,112,111,118,125,0,0,0,0,0,0,0,0,0,0,-19,0,-31,-39,-16,-18,-25,-4,-124,-124,-126,-124,-113,-56,-60,-60,-41,18,22,12,18,15,14,28,0,0,0,0,0,0,0,0,0,0,0,0,0,0,0]} 1. d4 Nf6 2. c4 e6 3. Nc3 Bb4 4. Nf3 Bxc3+ 5. bxc3 c5 6. g3 Nc6 7. Bg2 d6 8. O-O O-O 9. Bf4 {LiveBook: 17 Games} h6 {E20: Nimzo-Indian: 4 g3 and 4 f3} (9... Re8 10. Qc1 e5 11. dxe5 dxe5 12. Bg5 Bf5 13. Rd1 Qe7 14. Nd2 e4 15. Nf1 h6 16. Ne3 Qe6 17. Bxf6 Qxf6 {½-½ (34) Ragger,M (2646)-Postny,E (2633) Austria 2013}) 10. dxc5 $146 ({Predecessor:} 10. d5 exd5 11. cxd5 Na5 12. Qd3 Re8 13. Rfe1 Ne4 14. Nd2 Ng5 15. Bxg5 hxg5 16. e4 Bd7 17. f4 gxf4 18. gxf4 {1-0 (42) Emeljanov,A-Shvartz,A (2320) Podolsk 1990}) 10... e5 11. Be3 Ng4 (11... dxc5 $11 12. Bxc5 Re8) 12. cxd6 $16 Nxe3 13. fxe3 Be6 14. Nh4 Na5 15. c5 Rc8 (15... Qc8 $14) 16. Bd5 {Black must now prevent Bxe6.} Qd7 17. Bxe6 Qxe6 18. Qd3 (18. d7 $16 Rcd8 19. Qa4) 18... Rxc5 $11 19. Rad1 Rd8 20. Nf5 e4 21. Ne7+ Kh8 22. Qd4 b6 23. Qa4 Rxc3 24. Nf5 {Threatens to win with Qd4.} Rc4 $36 {[%mdl 2048] White is under pressure.} 25. Qa3 $1 Rc5 26. g4 h5 27. h3 ({Don't blunder} 27. Qb2 $2 Qg6 $19) (27. Rc1 $11 Rxc1 28. Qxc1) 27... hxg4 $17 28. hxg4 {[#]} g6 $1 {[%cal Rg6f5]} 29. Qb2+ {[#]} f6 (29... Re5 $1 $17 30. Ng3 Nc4) 30. Ng3 $15 Kg7 {Strongly threatening ...Nc4.} 31. Rf4 Rxd6 ({Black should try} 31... Nc4 $15 32. Qb3 Re5) 32. Rxd6 $11 Qxd6 33. Nxe4 Qe5 34. Qd4 Rd5 35. Qxe5 (35. Qa4 {looks sharper.} Rd8 36. Rxf6 Qb2 37. Kf2 Qe5 38. Kg2) 35... fxe5 {[%mdl 4096] Endgame KRN-KRN. The position is equal.} 36. Rf6 Rd2 37. Kf2 Rxa2 {...Ra4 is the strong threat.} 38. Rd6 Nb3 39. Rd7+ Kf8 40. g5 Ra4 41. Nf6 Nc5 42. Nh7+ {Precision: White = 56%, Black = 63%.} 1/2-1/2

[Event "1st Gujarat GM Open 2018"]
[Site "Ahmedabad"]
[Date "2018.10.11"]
[Round "9"]
[White "Kasparov, Sergey"]
[Black "Nayak Rajesh"]
[Result "1/2-1/2"]
[WhiteElo "2453"]
[BlackElo "2084"]
[Annotator "TA"]
[PlyCount "61"]
[EventDate "2018.10.05"]
[EventType "swiss"]
[EventCountry "IND"]
[SourceTitle "playchess.com"]
[Source "ChessBase"]
[SourceQuality "1"]

{[%evp 9,61,50,61,21,20,39,44,43,31,0,20,0,0,-5,0,0,20,3,3,-31,-19,-49,-43,-31,-34,-83,-87,-82,-85,-89,-81,-90,-75,-68,-73,-109,-104,-110,-37,-35,0,0,0,0,0,0,0,0,0,0,0,0,0,0]} 1. e4 d6 2. d4 g6 3. Nc3 Bg7 4. Nge2 Nc6 5. Be3 e5 6. h3 {B06: Modern Defence} Nf6 7. d5 (7. g3 d5 8. Bg2 Nxe4 9. dxe5 Nxc3 10. Nxc3 O-O 11. Qxd5 Bxe5 12. O-O-O Qf6 {½-½ (37) Danin,A (2559)-Onischuk,V (2610) Dresden 2017}) 7... Ne7 8. g4 {White is slightly better.} c6 9. Bg2 $146 ({Predecessor:} 9. dxc6 bxc6 10. Ng3 O-O 11. Bg2 Ba6 12. Qd2 {0-1 (46) Wagner,F (2158)-Cedikova,K (2159) Bayern 2007}) 9... O-O 10. Ng3 cxd5 11. exd5 Ne8 12. Qd2 f5 {[#] Threatens to win with ...f4.} 13. gxf5 Nxf5 14. Nxf5 Bxf5 15. Be4 Bxe4 16. Nxe4 Qh4 $36 {[%mdl 2048] White is under pressure.} 17. Qd3 Nf6 18. Nxf6+ Rxf6 19. O-O-O Bh6 20. Kb1 Bxe3 21. fxe3 Raf8 22. Qb5 R8f7 23. b3 Rf2 ({Better is} 23... Kg7 $17 24. Qe2 Rf2) 24. Rhf1 $1 $15 Qe4 25. Rxf2 {The position is equal.} Rxf2 $11 {[%mdl 4096] Endgame KQR-KQR} 26. Rc1 Rf7 27. Qe8+ $1 Kg7 28. Qe6 Qb4 29. Kb2 Rf6 30. Qe7+ Rf7 31. Qe6 {Precision: White = 51%, Black = 60%.} 1/2-1/2

[Event "1st Gujarat GM Open 2018"]
[Site "Ahmedabad"]
[Date "2018.10.11"]
[Round "9"]
[White "Vignesh N R"]
[Black "Sivuk, Vitaly"]
[Result "1-0"]
[WhiteElo "2447"]
[BlackElo "2545"]
[Annotator "TA"]
[PlyCount "103"]
[EventDate "2018.10.05"]
[EventType "swiss"]
[EventCountry "IND"]
[SourceTitle "playchess.com"]
[Source "ChessBase"]
[SourceQuality "1"]

{[%evp 31,103,60,70,73,71,23,44,33,58,36,77,77,90,96,91,68,136,125,151,151,152,147,154,100,163,172,174,137,150,126,189,183,193,197,183,187,204,182,173,129,153,139,152,139,160,155,156,150,144,144,195,120,203,200,239,255,239,222,238,153,265,148,258,243,239,254,336,335,647,649,618,560,538,498]} 1. e4 c5 2. Nf3 d6 3. d4 cxd4 4. Nxd4 Nf6 5. Nc3 g6 6. Be3 Bg7 7. f3 Nc6 8. Qd2 O-O 9. O-O-O d5 10. Qe1 e5 11. Nxc6 bxc6 12. exd5 Nxd5 13. Bc4 Be6 14. Ne4 Re8 {B76: Sicilian Dragon: Yugoslav Attack, 9 g4 and 9 0-0-0} (14... Qc7 15. Bc5 Rfd8 16. Qh4 h6 17. g4 Nf4 18. Bxe6 Nxe6 19. Qe7 Qa5 20. Rxd8+ Rxd8 21. Qxa7 Qxa7 22. Bxa7 Ra8 23. Be3 Rxa2 24. Kb1 {1-0 (45) Guseinov,G (2654)-Asadli,V (2470) Nakhchivan 2018}) 15. g4 Qc7 16. Bc5 Nf4 {LiveBook: 3 Games. White is slightly better.} 17. Bxe6 Nxe6 18. Qe3 $146 (18. Bd6 $5 {[%cal Rd6c7]} Qb7 19. g5 $14) ({Predecessor:} 18. Bd6 Qb6 19. h4 f5 20. gxf5 gxf5 21. Nc3 Nd4 22. Rg1 Kh8 23. Rxg7 Kxg7 {1-0 (64) Babaev,R (2387)-Alford,P (2277) Dos Hermanas 2004}) 18... Qa5 19. Qa3 Qxa3 20. Bxa3 Nd4 21. Rhf1 f5 22. gxf5 gxf5 23. Nd6 Rf8 (23... Re6 $14) 24. c3 Ne2+ 25. Kc2 Nf4 26. Rg1 Rf6 27. Rg5 (27. Bc5 $142) 27... Raf8 (27... Rg6 $16 28. Rdg1 (28. Rxf5 Ng2 $16) 28... Bf6 29. Rxg6+ hxg6) 28. Nc4 $36 {[%mdl 2048] White is really pushing.} Re8 29. Ne3 h6 30. Rgg1 Rf7 (30... Nh3 $16) 31. Nc4 {aiming for Nd6.} Re6 {[#]} 32. Rd8+ $1 Kh7 33. Nd6 Rff6 34. Rd7 Nh5 35. Nf7 e4 36. Nd8 (36. Rxa7 Rg6 $14) 36... Re8 37. Be7 Rg6 38. Rxg6 Kxg6 39. fxe4 (39. Nxc6 $6 exf3 40. Rd2 Bf6 $11) 39... fxe4 40. Nxc6 Nf4 (40... a6 $16 {was called for.} 41. Bh4 Kf5) 41. Kd2 ({White should try} 41. Bd6 $18 Ng2 42. Kd2 (42. Rxa7 Ne3+ 43. Kc1 Bf6 $18)) 41... Kf5 (41... a6 $16 42. b3 Kf5) 42. Rxa7 Bf6 {If Black can now play ...e3+ this consolidates a bit.} 43. Ra5+ Ke6 {[#]} 44. Bc5 $1 Nd3 45. Nd4+ Kf7 (45... Bxd4 $16 46. Bxd4 (46. cxd4 Nxb2 47. d5+ Kf5 $16) 46... Nxb2) 46. Nf5 (46. b4 $18) 46... Re5 (46... Ke6 $16) 47. Nd6+ ({Weaker is} 47. Nxh6+ Kg6 $14) 47... Kg6 48. b4 Re6 {[#]} 49. Nxe4 $1 {[%mdl 512]} Nb2 $2 (49... Nxb4 50. Nxf6 (50. Bxb4 Rxe4 51. Ra6 Kf5 $18) 50... Nc6) (49... Rxe4 50. Kxd3) 50. Nxf6 {White is clearly winning.} Nc4+ 51. Kd3 Nxa5 52. Nd7 {Precision: White = 68%, Black = 27%.} ({Less strong is} 52. bxa5 Kxf6 53. Kc4 Re8 $18) 1-0